South Eastern Kenya University

Library Online Public Access Catalogue


Exploring literature : (Record no. 11871)

MARC details
000 -LEADER
fixed length control field 00783cam a2200253 a 4500
001 - CONTROL NUMBER
control field 13074746
003 - CONTROL NUMBER IDENTIFIER
control field OSt
005 - DATE AND TIME OF LATEST TRANSACTION
control field 20160307133509.0
008 - FIXED-LENGTH DATA ELEMENTS--GENERAL INFORMATION
fixed length control field 030130s2004 nyua b 001 0 eng
010 ## - LIBRARY OF CONGRESS CONTROL NUMBER
LC control number 2003040083
020 ## - INTERNATIONAL STANDARD BOOK NUMBER
International Standard Book Number 0536122830
040 ## - CATALOGING SOURCE
Original cataloging agency SEKU
050 00 - LIBRARY OF CONGRESS CALL NUMBER
Classification number PN 98
Item number .M3 2006
100 1# - MAIN ENTRY--PERSONAL NAME
Personal name Madden, Frank,
Dates associated with a name 1946-
245 10 - TITLE STATEMENT
Title Exploring literature :
Remainder of title writing and thinking about fiction, poetry, drama, and the essay /
Statement of responsibility, etc. Frank Madden.
250 ## - EDITION STATEMENT
Edition statement 2nd ed.
260 ## - PUBLICATION, DISTRIBUTION, ETC. (IMPRINT)
Place of publication, distribution, etc. New York :
Name of publisher, distributor, etc. Pearson/Longman,
Date of publication, distribution, etc. 2006.
300 ## - PHYSICAL DESCRIPTION
Extent 1379 p. :
Other physical details ill.
504 ## - BIBLIOGRAPHY, ETC. NOTE
Bibliography, etc Includes bibliographical references and indexes.
650 #0 - SUBJECT ADDED ENTRY--TOPICAL TERM
Topical term or geographic name as entry element Reader-response criticism.
650 #0 - SUBJECT ADDED ENTRY--TOPICAL TERM
Topical term or geographic name as entry element Books and reading.
650 #0 - SUBJECT ADDED ENTRY--TOPICAL TERM
Topical term or geographic name as entry element Literature
General subdivision History and criticism
-- Theory, etc.
942 ## - ADDED ENTRY ELEMENTS (KOHA)
Source of classification or shelving scheme Library of Congress Classification
Koha item type General circulation
Holdings
Withdrawn status Lost status Source of classification or shelving scheme Damaged status Not for loan Home library Current library Shelving location Date acquired Source of acquisition Total Checkouts Full call number Barcode Date last seen Price effective from Koha item type Public note
    Library of Congress Classification     Mtito Andei Centre Library Mtito Andei Centre Library General Stacks 07/03/2016 Donations - Books for Africa   PN 98 .M3 2006 2016/014591 07/03/2016 07/03/2016 General circulation 3kwa
Kitui, Kenya.
+254736116989
library@seku.ac.ke